Memoirs of A Secret Revolutionary / (Record no. 187242)

000 -LEADER
fixed length control field 00384 a2200157 4500
003 - CONTROL NUMBER IDENTIFIER
control field Nust
005 - DATE AND TIME OF LATEST TRANSACTION
control field 20230204141458.0
040 ## - CATALOGING SOURCE
Transcribing agency Nust
082 ## - DEWEY DECIMAL CLASSIFICATION NUMBER
Classification number 944,PLI
100 ## - MAIN ENTRY--PERSONAL NAME
Personal name Plisnier, Charles
9 (RLIN) 108634
245 ## - TITLE STATEMENT
Title Memoirs of A Secret Revolutionary /
Statement of responsibility, etc. Charles Plisnier
260 ## - PUBLICATION, DISTRIBUTION, ETC.
Place of publication, distribution, etc. London
Name of publisher, distributor, etc. Boriswood
300 ## - PHYSICAL DESCRIPTION
Extent 284:p
650 ## - SUBJECT ADDED ENTRY--TOPICAL TERM
Topical term or geographic name entry element Volution
9 (RLIN) 108635
942 ## - ADDED ENTRY ELEMENTS (KOHA)
Source of classification or shelving scheme
Koha item type Book
Call number prefix 944,PLI
Holdings
Withdrawn status Lost status Source of classification or shelving scheme Damaged status Not for loan Permanent Location Current Location Shelving location Date acquired Full call number Barcode Date last seen Price effective from Koha item type Public note
          Military College of Signals (MCS) Military College of Signals (MCS) General Stacks 12/12/2016 944,PLI MCS29499 12/08/2016 12/12/2016 Book Almirah No. 60, Shelf No. 6
© 2023 Central Library, National University of Sciences and Technology. All Rights Reserved.